Sentando las bases políticas para la integración económica: el Grupo de Río y la concertación regional /
La autora pone de relieve la importancia del retorno a los regímenes constitucionales de base democrática en los años ochenta, sobre el avance y fortalecimiento de los procesos de integración regional en los años noventa en América Latina. Resalta, en particular, el papel protagónico desempeñado por...
محفوظ في:
| المؤلف الرئيسي: | |
|---|---|
| التنسيق: | نص |
| الموضوعات: | |
| الوسوم: |
إضافة وسم
لا توجد وسوم, كن أول من يضع وسما على هذه التسجيلة!
|
MARC
| LEADER | 00000 a a2200000 04500 | ||
|---|---|---|---|
| 001 | 17449 | ||
| 003 | |||
| 040 | |||
| 100 | |a Frohmann, Alicia | ||
| 245 | |a Sentando las bases políticas para la integración económica: |b el Grupo de Río y la concertación regional / |c Alicia Frohmann | ||
| 520 | |a La autora pone de relieve la importancia del retorno a los regímenes constitucionales de base democrática en los años ochenta, sobre el avance y fortalecimiento de los procesos de integración regional en los años noventa en América Latina. Resalta, en particular, el papel protagónico desempeñado por el Grupo de Río en estos espectaculares avances. REV//jmml | ||
| 650 | |a POLITICA | ||
| 650 | |a INTEGRACION REGIONAL | ||
| 650 | |a INTEGRACION ECONOMICA | ||
| 650 | |a OEA | ||
| 650 | |a LIBERALIZACION DEL INTERCAMBIO | ||
| 773 | |g número 14, volumen 4; páginas 53-64 | ||
| 999 | |c 26176 |d 26176 | ||
